000 00622nam a2200193Ia 4500
003 IN-BaIIA
008 211028s9999 xx 000 0 eng d
040 _cIIA Library
080 _a523.4-87
_bFER
100 _aFerraz-Mello, S
_911577
245 0 _aDynamics of the galilean satellites
_ban introductory treatise
_cS. Ferraz-Mello
260 _aSao Paulo
_bUniversidade De Sao Paulo
_c1979
300 _a183p.
650 _aAstronomy and astrophysics thesaurus
650 _aGalilean satellites
_911579
650 _aPlanets
_9971
650 _aSatellites
_93328
942 _cBK
999 _c8941
_d8941